000 00745nam a2200229 4500
003 OSt
005 20240731052143.0
006 a
008 240731b |||||||| |||| 00| 0 eng d
020 _a027371095
040 _aDWCL-Main lib.
_cOC
082 _2Second edition
_aCirc. 658.15 S937d 2007
100 _aStutely, Richard
245 _aThe definitive guide to business finance : what managers do with the numbers /
250 _aSecond edition
260 _aHarlow, England :
_bPearson Education Limited,
_cc2007.
300 _axviii,
_b412 p. : ill. ;
_c24 cm.
504 _aIncludes index.
650 _a1. Business enterprises-Finance.
650 _a2. Managerial accounting.
942 _2ddc
_n0
_cBK-CIRC
_eSecond edition
_kCirc.
999 _c3026
_d3026